Поезія іскристих миттєвостей (Запис № 383569)
[ простий вигляд ]
| 000 -Лідер | |
|---|---|
| fixed length control field | 00905nam a22002417a 4500 |
| 001 - Контрольний номер | |
| control field | 97321 |
| 003 - Ідентифікатор контрольного номера | |
| control field | UA-OsUOA |
| 005 - Дата та час останнього входження (трансакції) | |
| control field | 20211102104643.0 |
| 007 - Фіксоване поле фізичного опису | |
| fixed length control field | ta |
| 008 - Елементи даних фіксованої довжини – загальна інформація | |
| fixed length control field | 20130328b un ||||| |||| 00| 0 ukr d |
| 040 ## - Джерело каталогізації | |
| Агенція оригінальної каталогізації | UA-OsUOA |
| Мова каталогізації | ukr |
| Агенція, яка здійснювала перезапис | UA-OsUOA |
| Агенція, яка здійснювала модифікацію | UA-OsUOA |
| 041 ## - Код мови | |
| Код мови тексту/ звукової доріжки чи окремого заголовка (П) | ukr |
| 080 ## - Індекс Універсальної десяткової класифікації | |
| Індекс Універсальної десяткової класифікації (УДК) (НП) | 821.161.2 |
| 090 ## - Локальний шифр розміщення | |
| Класифікаційний індекс УДК | 821.161.2 |
| Авторський знак (НП) | П45 |
| 245 ## - Відомості про назву | |
| Назва (НП) | Поезія іскристих миттєвостей |
| Решта назви (НП) | збірка поезій студентів факультету політико-інформаційного менеджменту |
| Дані про відповідальність (НП) | заг. ред. Н. М. Затишної ; укл. М. І. Роздольська |
| 260 ## - Публікація, розповсюдження і т.п. (Вихідні дані) | |
| Місце публікації, розповсюдження і т.п. (П) | Острог |
| Ім’я/ наймення видавництва, розповсюджувача і т.п. (П) | НаУОА |
| Дата публікації, розповсюдження і т.п. (П) | 2013 |
| 300 ## - Фізичний опис | |
| Обсяг | 88 с. |
| 650 #7 - Додаткове предметне введення – тематичний термін | |
| Тематичний термін чи географічна назва, як елемент введення (НП) | 821 Художня література |
| Джерело заголовка чи терміна | UDC |
| 700 1# - Додаткове введення – ім'я особи | |
| Ім’я особи (НП) | Затишна Н. М. |
| Термін відношення | ред. |
| 942 ## - Додаткові елементи входу (Коха) | |
| Тип елемента Koha | Книги |
| Source of classification or shelving scheme | Universal Decimal Classification |
| 955 ## - Код типу видання за змістом | |
| Код типу видання за змістом (НП) | Літературно-художні видання |
| Стан вилучень | Стан втрат | Джерело класифікації або схеми стелажів | Стан уражень | Не для кредиту | Постійне місце розташування | Поточне розміщення | Дата придбання | Джерело придбання | Вартість, звичайна ціна покупки | Інвентарний номер | Усього замовленно | Повний номер виклику | Штрих-код | Дата останнього перегляду | Ціна ефективна від | Тип елемента Koha | Код колекції | Примітка, призначена для загального доступу | Вартість, ціна заміни |
|---|---|---|---|---|---|---|---|---|---|---|---|---|---|---|---|---|---|---|---|
| Universal Decimal Classification | АБ - Абонемент НБ | АБ - Абонемент НБ | 28/03/2013 | 17/2013 | 10.00 | 141936 | 821.161.2 П45 | 141936 | 04/04/2022 | 28/03/2013 | Книги | ||||||||
| Universal Decimal Classification | ЧЗ - Читальна зала | ЧЗ - Читальна зала | 21/12/2015 | 54/2015 | 10.00 | 150139 | 821.161.2 П45 | 150139 | 07/02/2022 | 28/03/2013 | Книги | Колекція Пасічника І.Д. | з автографом М. Роздольської | ||||||
| Universal Decimal Classification | ЧЗ - Читальна зала | ЧЗ - Читальна зала | 18/10/2021 | №28/13.10.21 | 10.00 | 821.161.2 П45 | 164051 | 11/02/2022 | 18/10/2021 | Книги | Колекція Руслани Каламаж | з автографом М. Роздольської | 10.00 |